| 000 | 00508nam a22001697a 4500 | ||
|---|---|---|---|
| 005 | 20160919110810.0 | ||
| 008 | 160919b xxu||||| |||| 00| 0 eng d | ||
| 050 | _aBF432.N5B5 | ||
| 100 |
_aBiesheuvel, S. _925897 |
||
| 245 |
_aAfrican intelligence _cby Biesheuvel, S. |
||
| 260 |
_aJohannesburg _bSAIRR _c1943 |
||
| 300 |
_aviii, 225p.; _c22cm. |
||
| 650 |
_aAfrica, South _xNative races _925898 |
||
| 650 |
_aEducation _zAfrica, South _925899 |
||
| 650 |
_aMental test _925900 |
||
| 942 |
_2lcc _cMONOGRAPH |
||
| 999 |
_c125267 _d125267 |
||